Países de Língua Francesa - Statistics

Estatísticas Gerais
  • Esse quiz foi jogado 16 627 vezes
    15 102 desde o último reset
  • A pontuação média é 12 de 29
Estatísticas das Respostas
% País % Correto
97% França
100%
29% Canadá
71%
75% Bélgica
65%
67% Suíça
63%
63% Argélia
58%
35% Marrocos
56%
26% Senegal
56%
51% República Democrática do Congo
55%
97% Mônaco
54%
59% República do Congo
54%
92% Luxemburgo
51%
25% Guiné
48%
41% Camarões
47%
33% Costa do Marfim
46%
52% Tunísia
45%
42% Haiti
42%
70% Andorra
40%
40% Togo
37%
66% Gabão
35%
33% Benim
33%
29% Guiné Equatorial
29%
28% República Centro-Africana
29%
26% Comores
25%
73% Maurícia
23%
53% Seychelles
23%
50% Djibouti
19%
25% Portugal
16%
38% Líbano
13%
32% Vanuatu
11%
Nenhum quiz correspondente encontrado
Distribuição das Pontuações
Porcentagem de Pessoas com Cada Pontuação
Percentil de Números Respondidos
Sua Pontuação Histórica
Você não jogou esse quiz desde o último reset